| 000 | 00704nam a2200289Ia 4500 | ||
|---|---|---|---|
| 008 | 190123s9999 xx 000 0 und d | ||
| 020 | _a0439188067 | ||
| 050 | _bJ526 1999 | ||
| 100 | _aJenkins, Martin | ||
| 245 | 4 | _aThe emperor's egg / | |
| 245 | 0 | _cby Martin Jenkins. | |
| 260 | _aNew York, New York : | ||
| 260 | _bScholastic, | ||
| 260 | _c1999 | ||
| 300 | _a29 pages : | ||
| 300 | _bcolored illustrations ; | ||
| 300 | _c25cm. | ||
| 500 | _a670L | ||
| 650 | _aEmperor penguin -- | ||
| 650 | _aParental behavior in animals. | ||
| 650 | _aPenguins -- | ||
| 650 | _aPenguins. | ||
| 650 | _xBehavior. | ||
| 650 | _xBehavior. | ||
| 700 | _aChapman, Jane. | ||
| 700 | _aTitle. | ||
| 999 |
_c361028 _d361028 |
||